Στοιχεία ανωτέρων μαθηματικών

Αποθηκεύτηκε σε:
Λεπτομέρειες βιβλιογραφικής εγγραφής
Κύριος συγγραφέας: Αναστασιάδης, Ιωάννης Α.
Μορφή: Βιβλίο
Γλώσσα:Greek
Δημοσίευση: Θεσσαλονίκη : Ζήτη, 1978.
Θέματα:
Ετικέτες: Προσθήκη ετικέτας
Δεν υπάρχουν, Καταχωρήστε ετικέτα πρώτοι!

MARC

LEADER 00000nam a2200000 a 4500
001 1/125963
008 230123r1978 gr | ||| |||| ||gre||
040 |a GR-MyUa  |b gre  |c GR-MyUa  |e AACR2 
041 0 |a gre 
082 7 |a 515  |2 (23) 
100 1 |a Αναστασιάδης, Ιωάννης Α. 
245 1 0 |a Στοιχεία ανωτέρων μαθηματικών /   |c Ιωάννη Α. Αναστασιάδη.  
260 |a Θεσσαλονίκη :   |b Ζήτη,   |c 1978.  
300 |a 335 σ. ;   |c 21 εκ.  
500 |a Στη σελίδα τίτλου υπάρχει ιδιόχειρη αφιέρωση του συγγραφέα "Στο συνάδελφο κ. Γ. Παντελίδη με πολύ αγάπη, υπογραφή."  
650 0 |a Geometry, Analytic  |x Problems, exercises, etc. 
650 0 |a Set theory  |x Problems, exercises, etc. 
650 0 |a Calculus  |v Problems, exercises, etc. 
650 0 |a Functions  |x Problems, exercises, etc. 
852 |a INST  |b SAMOS  |e 20230123  |h 515 ΑΝΑ  |p 005300047361  |q 005300047361  |t BK  |y 0 
970 |a Γουβάλα  |b Βάσω  |z 23-01-2023